书目信息 |
| 题名: |
AutoCAD实用教程
|
|
| 作者: | 王银春 , 吴胜 编著 | |
| 分册: | ||
| 出版信息: | 北京 北京理工大学出版社 2005.07 |
|
| 页数: | 275页 | |
| 开本: | 26cm | |
| 丛书名: | ||
| 单 册: | ||
| 中图分类: | TP391.72 | |
| 科图分类: | ||
| 主题词: | 计算机辅助设计--ji suan ji fu zhu she ji--应用软件--高等学校 : 技术学校--教材 | |
| 电子资源: | ||
| ISBN: | 7-5640-0538-6 | |
| 000 | 00983nam0 2200253 450 | |
| 001 | 012006362187 | |
| 005 | 20060922155108.25 | |
| 010 | @a7-5640-0538-6@dCNY23.00 | |
| 100 | @a20060628d2005 km y0chiy0120 ea | |
| 101 | 0 | @achi |
| 102 | @aCN@b110000 | |
| 105 | @aa z 000yy | |
| 200 | 1 | @aAutoCAD实用教程@AAutoCAD shi yong jiao cheng@f王银春, 吴胜编著@Fwang yin chun,wu sheng bian zhu |
| 210 | @a北京@c北京理工大学出版社@d2005.07 | |
| 215 | @a275页@c图@d26cm | |
| 330 | @a本书介绍了美国Autodesk公司开发的著名计算机辅助设计软件AutoCAD中文版软件。书中主要包括该软件基本命令的使用,例如绘制简单图形、编辑图形、为图形编写文字、零件的尺寸标注、绘制三维图形等。 | |
| 333 | @a21世纪高职高专规划教材 | |
| 606 | 0 | @a计算机辅助设计@Aji suan ji fu zhu she ji@x应用软件@x高等学校 : 技术学校@j教材 |
| 610 | 0 | @aAutoCAD |
| 690 | @aTP391.72@v4 | |
| 701 | 0 | @a王银春@Awang yin chun@4编著 |
| 701 | 0 | @a吴胜@Awu sheng@4编著 |
| 801 | 0 | @aCN@bQSSK@c20060922 |
| 905 | @a10447@dTP391.72@eW430 | |
| AutoCAD实用教程/王银春, 吴胜编著.-北京:北京理工大学出版社,2005.07 |
| 275页:图;26cm |
| 使用对象:21世纪高职高专规划教材 |
| ISBN 7-5640-0538-6:CNY23.00 |
| 本书介绍了美国Autodesk公司开发的著名计算机辅助设计软件AutoCAD中文版软件。书中主要包括该软件基本命令的使用,例如绘制简单图形、编辑图形、为图形编写文字、零件的尺寸标注、绘制三维图形等。 |
| ● |
| 相关链接 |
|
|
|
正题名:AutoCAD实用教程
索取号:TP391.72/W430
 
预约/预借
| 序号 | 登录号 | 条形码 | 馆藏地/架位号 | 状态 | 备注 |
| 1 | 592117 | 205921172 | 自科库301/301自科库 111排1列4层/ [索取号:TP391.72/W430] | 在馆 | |
| 2 | 592118 | 205921181 | 自科库301/301自科库 96排2列2层/ [索取号:TP391.72/W430] | 在馆 | |
| 3 | 592119 | 205921190 | 自科库301/301自科库 111排1列4层/ [索取号:TP391.72/W430] | 在馆 |